000
00295nam a22001337a 4500
008
181012b xxu||||| |||| 00| 0 eng d
020
_a
0470933003
041
_a
eng
080
_a
611
100
_a
6
101
_a
ANA
245
_a
Advances in Sleep Research
_c
Weitzman, E.D
942
_2
udc
_c
BK
999
_c
49503
_d
49503